Liedtext erkennen #13 - Statistiken

Allgemein
  • Dieses Quiz wurde 138 mal gespielt
  • Das Durchschnittsergebnis liegt bei 74 aus 204
Antwortstatistiken
Antwort % Korrekt
ich
96%
Sie
88%
sie
88%
wir
85%
der
75%
die
75%
und
68%
ist
67%
bin
62%
für
59%
Ihr
57%
ihr
57%
in
56%
hab
53%
mir
53%
war
52%
zu
51%
mit
48%
was
48%
Was
48%
nicht
47%
an
46%
im
44%
mich
42%
ne
42%
dem
36%
los
35%
los?
35%
gehen
32%
hätt
27%
keine
27%
Mann
26%
zum
25%
aus
24%
hatte
23%
Lage
21%
frage
19%
Frage
19%
erst
18%
ihren
18%
kam
17%
schönste
17%
wege
16%
Wege
16%
gar
14%
gehn
14%
geliebt
14%
Hey
14%
hey
14%
ihrem
14%
Mama
14%
Name
14%
name
14%
Ort
13%
Natascha
12%
klasse
11%
Klasse
11%
willenlos
11%
Willenlos
11%
wirklich
11%
brachte
10%
Frauen
10%
gegenüber
10%
Fräulein
9%
lutschte
9%
Meyer
9%
Ypsilon
9%
Zehen
9%
1994
8%
50iger
8%
beinah
8%
Dekolleté
8%
Erika
8%
Flaschen
8%
Ford
8%
recht
8%
Stolz
8%
täglich
8%
tranken
8%
völlig
8%
Völlig
8%
Wodka
8%
zehn
8%
Barbara
7%
Büro
7%
Damenklo
7%
erwürgt
7%
fiel
7%
Freier
7%
Kondition
7%
Lahme
7%
Marie
7%
Nowosibirsk
7%
Orchideen
7%
schaffte
7%
selbst
7%
Marius Müller-Westernhagen
6%
Carmelita
4%
schickte
4%
Keine übereinstimmenden Quizze gefunden
Verteilung der Resultate
Anzahl Personen mit jedem Resultat
Perzentil nach korrekt beantworteten Fragen
Ihre Resultats-Entwicklung
Sie haben dieses Quiz noch nicht gespielt